00310nam a2200121 450000500170000010000250001724500290004226400300007130000170010133600220011833700240014033800240016420260530113859.01 aICSID City of Design10aSeongam City South Korea 1bSeongam City Designc2000 aCD páginas atexto2rdacontent asin medio2rdamedia avolumen2rdacarrier